Nhập môn lý thuyết trò chơi và ứng dụng trong kinh tế kinh doanh

Uloženo v:
Podrobná bibliografie
Hlavní autor: Nguyễn Khắc Minh
Médium: Kniha
Jazyk:Undetermined
Vydáno: H. KHKT 2002
Témata:
Tagy: Přidat tag
Žádné tagy, Buďte první, kdo otaguje tento záznam!
Thư viện lưu trữ: Trung tâm Học liệu Trường Đại học Cần Thơ
LEADER 00567nam a2200181Ia 4500
001 CTU_54206
008 210402s9999 xx 000 0 und d
020 |b 14000 
082 |a 519.3 
082 |b M312 
100 |a Nguyễn Khắc Minh 
245 0 |a Nhập môn lý thuyết trò chơi và ứng dụng trong kinh tế kinh doanh 
245 0 |c Nguyễn Khắc Minh 
260 |a H. 
260 |b KHKT 
260 |c 2002 
650 |a mathematical optimization,game theory,cybernetics 
980 |a Trung tâm Học liệu Trường Đại học Cần Thơ